LEADER 02914nam 2200673Ia 450 001 9910455165303321 005 20200520144314.0 010 $a1-282-40180-7 010 $a9786612401800 010 $a90-485-0817-7 035 $a(CKB)1000000000807633 035 $a(EBL)474229 035 $a(OCoLC)476297150 035 $a(SSID)ssj0000334886 035 $a(PQKBManifestationID)11233669 035 $a(PQKBTitleCode)TC0000334886 035 $a(PQKBWorkID)10271949 035 $a(PQKB)11062674 035 $a(MiAaPQ)EBC474229 035 $a(Au-PeEL)EBL474229 035 $a(CaPaEBR)ebr10346705 035 $a(CaONFJC)MIL240180 035 $a(EXLCZ)991000000000807633 100 $a20090416d2009 uy 0 101 0 $aeng 135 $aur|n|---||||| 181 $ctxt 182 $cc 183 $acr 200 00$aAsian material culture$b[electronic resource] /$fedited by Marianne Hulsbosch (senior editor), Elizabeth Bedford and Martha Chaiklin (co-editors) 210 $aAmsterdam $cAmsterdam University Press$dc2009 215 $a1 online resource (233 p.) 225 1 $aICAS publications series. Edited volumes ;$v4 300 $aDescription based upon print version of record. 311 $a90-8964-090-8 320 $aIncludes bibliographical references. 327 $aTable of Contents; Foreword; ASIAN MATERIAL CULTURE IN CONTEXT; MOON CAKES AND THE CHINESE MID-AUTUMN FESTIVAL: A MATTER OF HABITUS; UP IN THE HAIR: STRANDS OF MEANING IN WOMEN'S ORNAMENTAL HAIR ACCESSORIES IN EARLY MODERN JAPAN; NONYA BEADWORK AND CONTEMPORARY PERANAKAN CHINESE CULTURE IN SINGAPORE AND MALAYSIA; EVERYBODY WAS KUNG-FU FIGHTING: THE LION DANCE AND CHINESE NATIONAL IDENTITY IN THE 19TH AND 20TH CENTURIES; WORKS LIKE A CHARM: CULTURAL TOURISM, COLOUR AND ITS EFFICACY IN CHINESE MIAO TRADITIONAL DRESS 327 $aFLUTTERING LIKE FLOWERS IN A SUMMER'S BREEZE: HAIR JEWELLERY OF CHRISTIAN MOLUCCAN WOMEN OF THE DUTCH EAST INDIESTENSION ON THE BACK-STRAP LOOM; CONTRIBUTORS 330 $aAn informative overview of the materiality of Asian cultures and the ways in which objects and practices can embody and also exhibit individual as well as collective tastes and values 410 0$aICAS publication series.$pEdited volumes ;$v4. 606 $aMaterial culture$zEast Asia 606 $aMaterial culture$zAsia 607 $aEast Asia$xSocial life and customs 607 $aAsia$xSocial life and customs 608 $aElectronic books. 615 0$aMaterial culture 615 0$aMaterial culture 676 $a301 676 $a306.095 701 $aHulsbosch$b Marianne$0904295 701 $aBedford$b Elizabeth$0904296 701 $aChaiklin$b Martha$f1960-$0904297 801 0$bMiAaPQ 801 1$bMiAaPQ 801 2$bMiAaPQ 906 $aBOOK 912 $a9910455165303321 996 $aAsian material culture$92021944 997 $aUNINA LEADER 02213nam 2200517z- 450 001 9910557539403321 005 20211118 035 $a(CKB)5400000000044213 035 $a(oapen)https://directory.doabooks.org/handle/20.500.12854/74024 035 $a(oapen)doab74024 035 $a(EXLCZ)995400000000044213 100 $a20202111d2020 |y 0 101 0 $aeng 135 $aurmn|---annan 181 $ctxt$2rdacontent 182 $cc$2rdamedia 183 $acr$2rdacarrier 200 00$aTowards Tokyo 2020: What Will Contribute to Optimal Olympic Athlete Performance? 210 $cFrontiers Media SA$d2020 215 $a1 online resource (316 p.) 311 08$a2-88963-885-5 330 $aThis eBook is a collection of articles from a Frontiers Research Topic. Frontiers Research Topics are very popular trademarks of the Frontiers Journals Series: they are collections of at least ten articles, all centered on a particular subject. With their unique mix of varied contributions from Original Research to Review Articles, Frontiers Research Topics unify the most influential researchers, the latest key findings and historical advances in a hot research area! Find out more on how to host your own Frontiers Research Topic or contribute to one as an author by contacting the Frontiers Editorial Office: frontiersin.org/about/contact 517 $aTowards Tokyo 2020 606 $aPhysiology$2bicssc 606 $aScience: general issues$2bicssc 610 $aExercise Science 610 $aJapan 610 $aOlympics 610 $aPerformance 610 $aPhysiology 615 7$aPhysiology 615 7$aScience: general issues 700 $aMündel$b Toby$4edt$01322290 702 $aDavison$b Glen$4edt 702 $aSoya$b Hideaki$4edt 702 $aKondo$b Narihiko$4edt 702 $aBarnes$b Matthew J$4edt 702 $aMündel$b Toby$4oth 702 $aDavison$b Glen$4oth 702 $aSoya$b Hideaki$4oth 702 $aKondo$b Narihiko$4oth 702 $aBarnes$b Matthew J$4oth 906 $aBOOK 912 $a9910557539403321 996 $aTowards Tokyo 2020: What Will Contribute to Optimal Olympic Athlete Performance$93034764 997 $aUNINA